Biggest cities in Togo - Statistics

General Stats
  • This quiz has been taken 26 times
  • The average score is 3 of 10
Answer Stats
Population City % Correct
2,188,376 Lomé
100%
158,090 Kara
57%
98,193 Atakpamé
29%
117,675 Dapaong
29%
87,478 Kpalimé
29%
56,830 Cinkassé
14%
115,442 Sokodé
14%
76,861 Tsévié
14%
61,068 Anié
0%
49,143 Notsé
0%
No matching quizzes found
Score Distribution
Percent of People with Each Score
Percentile by Number Answered
Your Score History
You have not taken this quiz